Malaysia Airlines Flight 370 Quiz Stats

 Plays Quiz not verified by Sporcle

Support Sporcle.
Go Orange.
Score 0/14 Timer 04:00
0 Plays Today
Continent Country % Correct
AsiaMalaysia
98.9%
AsiaChina
95.3%
OceaniaAustralia
91.6%
North AmericaUnited States
90.5%
North AmericaCanada
82.6%
EuropeFrance
77.9%
OceaniaNew Zealand
77.9%
Continent Country % Correct
Europe-AsiaRussia
75.3%
AsiaIndonesia
74.7%
AsiaIndia
68.9%
EuropeNetherlands
55.3%
AsiaTaiwan
44.7%
AsiaIran
40%
EuropeUkraine
32.6%

You're not logged in!

Compare scores with friends on all Sporcle quizzes.
OR
Log In

From the Vault

MLB, NFL, and NBA Venn Diagram

by biggs364

Well venn can we start playing?
Remove Ads.
Support Sporcle.
Get the best of Sporcle when you Go Orange. This ad-free experience offers more features, more stats, and more fun while also helping to support Sporcle. Thank you for becoming a member.

Show Comments

Extras

Top Quizzes Today


Score Distribution

Your Account Isn't Verified!

In order to create a playlist on Sporcle, you need to verify the email address you used during registration. Go to your Sporcle Settings to finish the process.

Report this User

Report this user for behavior that violates our Community Guidelines.

Details: